000 00295nam a22001337a 4500
008 170912b xxu||||| |||| 00| 0 eng d
020 _a9780471144403
041 _aeng
080 _a53
100 _a43
101 _aFIZ
245 _aPHYSICS BY INQUIRY
_cMCDERMONTT/L//C
942 _2udc
_cBK
999 _c27239
_d27239